[Event "I Festival Marche Estate A"]
[Site "Chiaravalle ITA"]
[Date "2003.07.21"]
[Round "1"]
[White "Aleksic, Nenad"]
[Black "Foglia, Maurizio"]
[Result "1-0"]
[WhiteElo "2392"]
[BlackElo "2108"]
[PlyCount "66"]
[EventDate "2003.07.21"]

1. e4 Nf6 2. d3 d6 3. Nf3 c5 4. g3 b6 5. Bg2 Bb7 6. O-O e6 7. Re1 Nbd7 8. Nc3
a6 9. a4 Qc7 10. b3 Be7 11. Bb2 O-O 12. d4 Rfd8 13. d5 Nf8 14. dxe6 fxe6 15.
Qe2 Ne8 16. Rad1 Bf6 17. e5 dxe5 18. Ne4 c4 19. bxc4 Rxd1 20. Rxd1 Rc8 21. Nfd2
Bxe4 22. Bxe4 Nd6 23. Ba3 Nxc4 24. Bxf8 Nxd2 25. Rxd2 Rxf8 26. Qxa6 Bg5 27. Re2
Rd8 28. a5 Rd6 29. Qb5 g6 30. a6 Bd2 31. Kg2 Bc3 32. Re3 Bd4 33. Qe8+ Kg7 1-0

[Event "I Festival Marche Estate A"]
[Site "Chiaravalle ITA"]
[Date "2003.07.21"]
[Round "1"]
[White "Bozinovic, Boban"]
[Black "Ristic, Nenad"]
[Result "0-1"]
[WhiteElo "2207"]
[BlackElo "2488"]
[PlyCount "60"]
[EventDate "2003.07.21"]

1. e4 c5 2. Nf3 g6 3. d4 cxd4 4. Nxd4 Bg7 5. Be3 Nf6 6. Nc3 Nc6 7. f3 O-O 8.
Qd2 d5 9. exd5 Nxd5 10. Nxc6 bxc6 11. Bd4 e5 12. Bc5 Re8 13. O-O-O Be6 14. Ne4
h6 15. c4 Qc7 16. Bd6 Qd8 17. Ba3 Nb6 18. Qf2 Qc7 19. b3 f5 20. Nc5 Bf7 21. Bb2
a5 22. a4 Qe7 23. Bd3 Bf8 24. Ne6 Qxe6 25. Qxb6 Rab8 26. Qxa5 Rxb3 27. Rhe1 e4
28. Re2 Bb4 29. Qa7 Rxd3 30. Rxd3 Qxc4+ 0-1

[Event "I Festival Marche Estate A"]
[Site "Chiaravalle ITA"]
[Date "2003.07.21"]
[Round "1"]
[White "Gardon, Ermanno"]
[Black "Efimov, Igor"]
[Result "0-1"]
[WhiteElo "2148"]
[BlackElo "2479"]
[PlyCount "86"]
[EventDate "2003.07.21"]

1. e4 c5 2. Nf3 Nc6 3. d4 cxd4 4. Nxd4 Nf6 5. Nc3 d6 6. f4 Bd7 7. Nf3 g6 8. Bd3
Bg7 9. O-O O-O 10. Qe1 Qa5 11. Kh1 Rac8 12. Qh4 Qh5 13. Qxh5 Nxh5 14. Bd2 Bxc3
15. bxc3 Na5 16. Rab1 b6 17. Rb4 Rc5 18. Nd4 Rc7 19. Nb5 Bxb5 20. Bxb5 Nf6 21.
Rd4 Nb7 22. e5 Nd7 23. Bxd7 Rxd7 24. f5 Rc7 25. exd6 Nxd6 26. f6 Nf5 27. fxe7
Rxe7 28. Rd3 Re4 29. Kg1 Rfe8 30. Ra1 Ra4 31. Kf2 h5 32. Bg5 Kg7 33. Be3 Re6
34. Bg5 Re5 35. Bc1 Rae4 36. Bd2 Ne7 37. Re1 Rxe1 38. Bxe1 Ra5 39. Rd7 Kf6 40.
Ke2 Ke6 41. Rb7 Rxa2 42. Kd2 Nf5 43. Bf2 Nd6 0-1

[Event "I Festival Marche Estate A"]
[Site "Chiaravalle ITA"]
[Date "2003.07.22"]
[Round "2"]
[White "Foglia, Maurizio"]
[Black "Gardon, Ermanno"]
[Result "1-0"]
[WhiteElo "2108"]
[BlackElo "2148"]
[PlyCount "80"]
[EventDate "2003.07.21"]

1. e4 Nf6 2. e5 Nd5 3. d4 d6 4. c4 Nb6 5. Nf3 Bg4 6. Be2 e6 7. exd6 cxd6 8. b3
Be7 9. Be3 N8d7 10. Nbd2 Nf6 11. O-O O-O 12. h3 Bh5 13. Re1 Qc7 14. Bf4 Rac8
15. Rc1 Qd8 16. g4 Bg6 17. Nh4 Nfd5 18. Nxg6 fxg6 19. Bg3 Nf4 20. Bf1 Qd7 21.
Rc3 Rce8 22. Rce3 Bd8 23. Nf3 Qf7 24. Qd2 Nd7 25. Bxf4 Qxf4 26. Rxe6 Rxe6 27.
Qxf4 Rxf4 28. Rxe6 Rxf3 29. Rxd6 Rf7 30. Bg2 Re7 31. Bxb7 Bc7 32. Bd5+ Kf8 33.
Ra6 Nf6 34. Bf3 Rd7 35. d5 Bb6 36. b4 Bd4 37. d6 Bc3 38. a3 Ne8 39. c5 Be5 40.
Bc6 Rf7 1-0

[Event "I Festival Marche Estate A"]
[Site "Chiaravalle ITA"]
[Date "2003.07.22"]
[Round "2"]
[White "Tosoni, Augusto"]
[Black "Rombaldoni, Denis"]
[Result "0-1"]
[WhiteElo "2205"]
[BlackElo "2064"]
[PlyCount "84"]
[EventDate "2003.07.21"]

1. e4 c6 2. d4 d5 3. Nc3 dxe4 4. Nxe4 Nf6 5. Nxf6+ gxf6 6. c3 Qd5 7. Nf3 Bg4 8.
Be2 Nd7 9. O-O Rg8 10. Bf4 O-O-O 11. Bg3 Bxf3 12. Bxf3 Qg5 13. Qa4 e5 14. Qxa7
Bd6 15. Rfd1 Bb8 16. Qa4 Nb6 17. Qb3 Nd5 18. dxe5 Bxe5 19. Rxd5 cxd5 20. Bxd5
Rxd5 21. Qxd5 Bxg3 22. Qxg5 Bxh2+ 23. Kxh2 fxg5 24. Re1 Kd7 25. g4 Ra8 26. a3
Ra5 27. Kg3 Rd5 28. Re4 Rb5 29. Rb4 Rxb4 30. axb4 Ke6 31. c4 Ke5 32. c5 Kd5 33.
b3 Kc6 34. Kf3 Kb5 35. Ke4 Kxb4 36. Kd4 Kxb3 37. Kd3 h6 38. f3 Kb4 39. Kd4 f6
40. Kd5 Kc3 41. Ke6 Kd4 42. Kxf6 Kxc5 0-1

[Event "I Festival Marche Estate A"]
[Site "Chiaravalle ITA"]
[Date "2003.07.22"]
[Round "2"]
[White "Zimina, Olga"]
[Black "Lotti, Fabio"]
[Result "1-0"]
[WhiteElo "2367"]
[BlackElo "2028"]
[PlyCount "63"]
[EventDate "2003.07.21"]

1. e4 d5 2. exd5 Qxd5 3. Nc3 Qa5 4. d4 Nf6 5. Nf3 c6 6. Bc4 Bf5 7. Bd2 e6 8.
Nd5 Qd8 9. Nxf6+ gxf6 10. Be3 Nd7 11. Bd3 Bxd3 12. Qxd3 Bb4+ 13. c3 Bd6 14. O-O
Qc7 15. c4 Rd8 16. Bh6 Rg8 17. Qxh7 Rg6 18. Rfe1 Nf8 19. Bxf8 Kxf8 20. d5 Rg7
21. Qh8+ Rg8 22. Qxf6 Rg6 23. Qh4 Kg7 24. dxe6 f6 25. Rad1 Rh8 26. Qd4 Bxh2+
27. Kf1 Bf4 28. Qd7+ Kh6 29. Qxc7 Bxc7 30. Rd7 Ba5 31. Re4 Rgg8 32. Rxb7 1-0

[Event "I Festival Marche Estate A"]
[Site "Chiaravalle ITA"]
[Date "2003.07.23"]
[Round "3"]
[White "Lotti, Fabio"]
[Black "De Rosa, Mariagrazia"]
[Result "0-1"]
[WhiteElo "2028"]
[BlackElo "1828"]
[PlyCount "66"]
[EventDate "2003.07.21"]

1. d4 Nf6 2. Bg5 Ne4 3. h4 c5 4. e3 Qa5+ 5. c3 Nxg5 6. hxg5 cxd4 7. exd4 Qxg5
8. Nf3 Qa5 9. Nbd2 d6 10. Qc2 g6 11. Bd3 Bf5 12. Be4 Bxe4 13. Qxe4 Nd7 14. g4
Bg7 15. g5 O-O-O 16. Kf1 e5 17. dxe5 Nxe5 18. Nxe5 Qxe5 19. Re1 Qxg5 20. Nf3
Qb5+ 21. Kg2 Rhe8 22. Qg4+ f5 23. Qh4 h6 24. Nd4 Qd5+ 25. f3 g5 26. Qh5 Rxe1
27. Rxe1 Bxd4 28. cxd4 Qxd4 29. Qf7 Qxb2+ 30. Kh1 Kb8 31. Qe7 Qb6 32. Qh7 Qf2
33. Re7 Qxf3+ 0-1

[Event "I Festival Marche Estate A"]
[Site "Chiaravalle ITA"]
[Date "2003.07.24"]
[Round "4"]
[White "Bozinovic, Boban"]
[Black "Mazzariol, Oscar"]
[Result "0-1"]
[WhiteElo "2207"]
[BlackElo "2049"]
[PlyCount "74"]
[EventDate "2003.07.21"]

1. e4 c5 2. Nf3 Nc6 3. Bb5 d6 4. Bxc6+ bxc6 5. O-O e5 6. d3 Nf6 7. h3 Be7 8.
Qe2 O-O 9. Nh2 Ba6 10. c4 Ne8 11. f4 Rb8 12. fxe5 dxe5 13. Nf3 Bf6 14. b3 Nc7
15. Ba3 Ne6 16. Qe3 Qa5 17. Qe1 Qxe1 18. Nxe1 Bg5 19. Nc2 Rfd8 20. Rd1 Nd4 21.
Nxd4 Be3+ 22. Kf1 Bxd4 23. Nd2 Bxa1 24. Rxa1 Rxd3 25. Ke2 Rbd8 26. Nf3 Bxc4 27.
Kf2 Bb5 28. Bxc5 f6 29. Bxa7 Ra8 30. Bc5 Rxb3 31. a3 Rb2+ 32. Kg3 Rc2 33. Bb4
c5 34. Be1 Bd3 35. Nd2 c4 36. Kf3 Ra4 37. Nb1 Rc1 0-1

[Event "I Festival Marche Estate A"]
[Site "Chiaravalle ITA"]
[Date "2003.07.24"]
[Round "4"]
[White "Calavalle, Giulio"]
[Black "Lotti, Fabio"]
[Result "1-0"]
[WhiteElo "2149"]
[BlackElo "2028"]
[PlyCount "79"]
[EventDate "2003.07.21"]

1. e4 d5 2. exd5 Qxd5 3. Nc3 Qa5 4. d4 Nf6 5. Bc4 c6 6. Bd2 Qb6 7. Nf3 Bf5 8.
O-O e6 9. Re1 Be7 10. Bb3 O-O 11. Be3 Qc7 12. Nh4 Bg6 13. Nxg6 hxg6 14. Qf3
Nbd7 15. Ne2 Nd5 16. Bd2 b5 17. c3 N7b6 18. Bc2 a5 19. h4 Bxh4 20. Qh3 Be7 21.
Ng3 Nc4 22. Bc1 a4 23. Rxe6 fxe6 24. Bxg6 Bh4 25. Qxh4 Rf6 26. Qh7+ Kf8 27. Bh5
Nd6 28. Bg5 Nf7 29. Bxf6 Nxf6 30. Qg6 Nd6 31. Re1 Re8 32. Qg5 Re7 33. Bg6 Nf7
34. Qh4 Nh6 35. Re5 Nfg4 36. Re4 Nf6 37. Rf4 Kg8 38. Rxf6 gxf6 39. Qxh6 Qd6 40.
Ne4 1-0

[Event "I Festival Marche Estate A"]
[Site "Chiaravalle ITA"]
[Date "2003.07.24"]
[Round "4"]
[White "Efimov, Igor"]
[Black "Popa, Florin"]
[Result "1-0"]
[WhiteElo "2479"]
[BlackElo "2209"]
[PlyCount "71"]
[EventDate "2003.07.21"]

1. d4 d5 2. c4 e6 3. Nc3 Nf6 4. Nf3 Be7 5. cxd5 exd5 6. Bf4 O-O 7. e3 Bf5 8.
Qb3 b6 9. Rc1 c5 10. dxc5 Bxc5 11. Qa4 Qe7 12. Be2 a6 13. O-O Rd8 14. Rfd1 Bd7
15. Qc2 Bc6 16. Nd4 Bb7 17. Bf3 Nbd7 18. Qf5 g6 19. Qg5 Ne4 20. Qxe7 Bxe7 21.
Nde2 Ndf6 22. Bc7 Rd7 23. Bxb6 Ng5 24. Na4 Nxf3+ 25. gxf3 Rc8 26. Nd4 Ne8 27.
Nb3 Bf6 28. Nbc5 Re7 29. Nxb7 Rxc1 30. Rxc1 Rxb7 31. Rc8 Kf8 32. Nc5 Rxb6 33.
Nd7+ Ke7 34. Nxb6 Bxb2 35. Nxd5+ Kd7 36. Ra8 1-0

[Event "I Festival Marche Estate A"]
[Site "Chiaravalle ITA"]
[Date "2003.07.24"]
[Round "4"]
[White "Steevensz, Carel"]
[Black "Stromboli, Ettore"]
[Result "0-1"]
[WhiteElo "2147"]
[BlackElo "2155"]
[PlyCount "78"]
[EventDate "2003.07.21"]

1. d4 Nf6 2. c4 e6 3. Nc3 Bb4 4. e3 b6 5. Bd3 Bb7 6. f3 Bxc3+ 7. bxc3 Nc6 8.
Ne2 O-O 9. O-O Na5 10. e4 Ba6 11. Bg5 h6 12. Bh4 g5 13. Bf2 Bxc4 14. Be3 Bxd3
15. Qxd3 d5 16. e5 Nh7 17. f4 Nc4 18. f5 exf5 19. Rxf5 Qe7 20. Raf1 f6 21. Bc1
Rad8 22. exf6 Nxf6 23. Bxg5 hxg5 24. Rxg5+ Kf7 25. Qg6+ Ke6 26. Rgf5 Rd6 27.
Re5+ Nxe5 28. dxe5 Kd7 29. exd6 Qe3+ 30. Kh1 Qxe2 31. Qg7+ Ke8 32. Qg6+ Kd7 33.
Qg7+ Ke8 34. Qg6+ Kd8 35. dxc7+ Kxc7 36. Rb1 Qg4 37. Qd3 Qe4 38. Qg3+ Kc6 39.
Re1 Nh5 0-1

[Event "I Festival Marche Estate A"]
[Site "Chiaravalle ITA"]
[Date "2003.07.24"]
[Round "4"]
[White "Zimina, Olga"]
[Black "Rombaldoni, Denis"]
[Result "1-0"]
[WhiteElo "2367"]
[BlackElo "2064"]
[PlyCount "81"]
[EventDate "2003.07.21"]

1. e4 c6 2. d4 d5 3. Nd2 dxe4 4. Nxe4 Nf6 5. Nxf6+ gxf6 6. c3 Qd5 7. Be3 Rg8 8.
Qb3 Qxb3 9. axb3 Be6 10. b4 Nd7 11. Nf3 Nb6 12. b5 cxb5 13. Bxb5+ Bd7 14. Bd3
Rxg2 15. Bxh7 Bc6 16. Ke2 Bb5+ 17. Bd3 Bxd3+ 18. Kxd3 Nd5 19. b3 a6 20. Rhg1
Nxe3 21. fxe3 Rf2 22. Rgf1 Rg2 23. Rg1 Rf2 24. Raf1 Rb2 25. Nd2 a5 26. h4 a4
27. bxa4 Rxa4 28. Ra1 Rxa1 29. Rxa1 e6 30. Ra8+ Ke7 31. c4 f5 32. c5 Bg7 33.
Kc3 Rb5 34. Nb3 f4 35. Kc4 Rxb3 36. Kxb3 fxe3 37. Kc3 e2 38. Kd2 Bxd4 39. Kxe2
Bxc5 40. h5 Kf6 41. Rg8 1-0

[Event "I Festival Marche Estate A"]
[Site "Chiaravalle ITA"]
[Date "2003.07.26"]
[Round "6"]
[White "De Rosa, Mariagrazia"]
[Black "Aaberg, Anton"]
[Result "0-1"]
[WhiteElo "1828"]
[BlackElo "2404"]
[PlyCount "64"]
[EventDate "2003.07.21"]

1. e4 c5 2. Nf3 Nc6 3. d4 cxd4 4. Nxd4 Nf6 5. Nc3 e5 6. Ndb5 d6 7. Bg5 a6 8.
Na3 b5 9. Nd5 Be7 10. Bxf6 Bxf6 11. c3 O-O 12. Nc2 Bg5 13. a4 bxa4 14. Rxa4 a5
15. Bc4 Rb8 16. b3 Kh8 17. h4 Bh6 18. Nce3 Bxe3 19. Nxe3 Ne7 20. Ra2 f5 21. Rd2
f4 22. Rxd6 Qc7 23. Nc2 a4 24. Qd3 axb3 25. Nb4 b2 26. O-O f3 27. g3 Bh3 28.
Rb1 Rbd8 29. Rxd8 Rxd8 30. Nd5 Nxd5 31. exd5 Qc8 32. Qe4 Bf5 0-1

[Event "I Festival Marche Estate A"]
[Site "Chiaravalle ITA"]
[Date "2003.07.26"]
[Round "6"]
[White "Rombaldoni, Denis"]
[Black "Ristic, Nenad"]
[Result "0-1"]
[WhiteElo "2064"]
[BlackElo "2488"]
[PlyCount "102"]
[EventDate "2003.07.21"]

1. d4 Nf6 2. c4 c5 3. d5 b5 4. cxb5 a6 5. bxa6 g6 6. Nc3 Bxa6 7. Nf3 Bg7 8. g3
d6 9. Bg2 Nbd7 10. Rb1 O-O 11. O-O Qa5 12. Bd2 Rfb8 13. Qc2 Ng4 14. h3 Nge5 15.
b3 Nxf3+ 16. Bxf3 c4 17. Rfc1 cxb3 18. axb3 Rc8 19. b4 Qb6 20. Qe4 Ne5 21. b5
Bb7 22. Rb4 f5 23. Qf4 Ra3 24. Na4 Qd8 25. Rxc8 Qxc8 26. Bg2 Qc2 27. Kh2 Bf6
28. Bc3 Rxc3 29. Nxc3 Qxc3 30. Ra4 Qc5 31. Qe3 Qxb5 32. Qa7 Nd7 33. Ra5 Qb1 34.
e3 Kg7 35. Bf3 h5 36. Kg2 Qb2 37. Ra2 Qb6 38. Qxb6 Nxb6 39. Ra5 Nd7 40. Ra7 Nc5
41. Ra2 Nd3 42. Kg1 h4 43. Kh2 Be5 44. Ra7 Nc5 45. Ra2 Kf6 46. Kg2 Nd3 47. Kh2
Nxf2 48. Ra7 Bc8 49. Be2 Bxg3+ 50. Kg2 f4 51. exf4 Nxh3 0-1

[Event "I Festival Marche Estate A"]
[Site "Chiaravalle ITA"]
[Date "2003.07.26"]
[Round "6"]
[White "Tribuiani, Renato"]
[Black "Popa, Florin"]
[Result "0-1"]
[WhiteElo "2097"]
[BlackElo "2209"]
[PlyCount "86"]
[EventDate "2003.07.21"]

1. d4 d5 2. e3 g6 3. Bd3 Bg7 4. f4 h5 5. Nf3 Bg4 6. h3 Bxf3 7. Qxf3 e6 8. Nd2
h4 9. Nb3 Nf6 10. Bd2 Nc6 11. Nc5 b6 12. Bb5 Qd6 13. Nd3 O-O 14. Ne5 Ne7 15.
O-O c5 16. c3 Nf5 17. Bd3 Ng3 18. Rfd1 c4 19. Bc2 Nfe4 20. Be1 Bxe5 21. dxe5
Qe7 22. Bxg3 Nxg3 23. Qg4 Kg7 24. Rd4 b5 25. Rad1 Rad8 26. Kf2 Rh8 27. Qf3 a5
28. e4 dxe4 29. Bxe4 Rxd4 30. Rxd4 Qc5 31. Ke3 Rd8 32. Qf2 Rxd4 33. cxd4 Qb4
34. Qc2 Qe1+ 35. Kf3 Nxe4 36. Qxe4 Qxe4+ 37. Kxe4 b4 38. a3 Kf8 39. Ke3 Ke7 40.
Kd2 Kd7 41. Kc2 Kc6 42. b3 cxb3+ 43. Kxb3 bxa3 0-1